• 首页
  • 本馆介绍
  • 公告通知
  • 最新文献
  • 馆藏检索
  • 电子资源
  • 读者导购
  • 参考咨询
  • 我的图书馆
  • 登录
  • 详细信息显示
  • 放入我的书架
  • 预约/预借图书
  • 作者相关作品
  • 分类相关作品
  • 丛书相关作品
  • 出版社相关作品

书目信息

  • 表格格式
  • 工作单格式
  • 卡片格式
题名:
热电子微波发生器
    
 
作者: 卡罗尔 著 ;赵学恕 译
分册:  
出版信息: 北京   科学出版社  1975
页数: 356页
开本: 19cm
丛书名:
单 册:
中图分类: TN37
科图分类:
主题词: 热电器件 , 热敏电阻器
电子资源:
ISBN:
000 00714nam0 2200253 45
001 0175002209
005 20060329165108.53
010    @dCNY1.10
100    @a19951012d1975 em y0chiy0121 ea
101 1  @achi@ceng
102    @aCN@b110000
105    @ay z 000yy
200 10 @a热电子微波发生器@Are dian zi wei bo fa sheng qi@f(英)J·E·卡罗尔著@F(ying)J·E·ka luo er zhu@g赵学恕等译
210    @a北京@c科学出版社@d1975
215    @a356页@d19cm
300    @a最后是有关数学计算的附录
606    @a热电器件
606 0  @a热敏电阻器
690    @aTN37@v4
701  0 @a卡罗尔@Aka luo er@4著
702  0 @a赵学恕@Azhao xue shu@4译
801  2 @aCN@bNLC@c20060329
801  0 @aCN@bTSSF
905    @a10447@dTN37@e1
    
    热电子微波发生器/(英)J·E·卡罗尔著/赵学恕等译.-北京:科学出版社,1975
    356页;19cm
    最后是有关数学计算的附录
    
    ISBN :CNY1.10
    
●
相关链接 在E读中查询图书 在五车中查询图书 在当当中查询图书 在豆瓣中查询图书


正题名:热电子微波发生器     索取号:TN37/1         预约/预借

序号 登录号 条形码 馆藏地/架位号 状态 备注
1 0010062   202212863   密集书库/ [索取号:TN37/1] 在馆    
唐山师范学院图书馆 欢迎您!
大连网信软件有限公司© 版权所有